| 000 -LEADER |
| fixed length control field |
01025nam a22002297a 4500 |
| 005 - DATE AND TIME OF LATEST TRANSACTION |
| control field |
20230502074551.0 |
| 008 - FIXED-LENGTH DATA ELEMENTS--GENERAL INFORMATION |
| fixed length control field |
230502b ||||| |||| 00| 0 eng d |
| 020 ## - INTERNATIONAL STANDARD BOOK NUMBER |
| International Standard Book Number |
9781526300713 |
| 040 ## - CATALOGING SOURCE |
| Transcribing agency |
KH8 |
| 082 ## - DEWEY DECIMAL CLASSIFICATION NUMBER |
| Classification number |
155.4124 BAR |
| 100 ## - MAIN ENTRY--PERSONAL NAME |
| Personal name |
Barnham, Kay |
| Relator term |
Author: |
| 245 ## - TITLE STATEMENT |
| Title |
Feeling sad! / |
| Statement of responsibility, etc. |
Kay Barnham |
| 250 ## - EDITION STATEMENT |
| Edition statement |
10 |
| 260 ## - PUBLICATION, DISTRIBUTION, ETC. |
| Place of publication, distribution, etc. |
London, |
| Name of publisher, distributor, etc. |
Wayland, |
| Date of publication, distribution, etc. |
2017 |
| 300 ## - PHYSICAL DESCRIPTION |
| Extent |
29 pages : |
| Other physical details |
colour illustrations ; |
| Dimensions |
22 cm |
| 520 ## - SUMMARY, ETC. |
| Summary, etc. |
"This lovely picturebook story tells the story of a small child helping others who are feeling sad. Illustrating scenarios of why children become frightened will help readers to identify their feelings and work out the best way to deal with this emotion. Ideal for home or classroom, this book contains notes for parents and teachers with suggestions of ways to help children deal with this feeling."--Provided by publisher |
| 650 ## - SUBJECT ADDED ENTRY--TOPICAL TERM |
| Topical term or geographic name entry element |
Juvenile works |
| 650 ## - SUBJECT ADDED ENTRY--TOPICAL TERM |
| Topical term or geographic name entry element |
Sadness |
| 650 ## - SUBJECT ADDED ENTRY--TOPICAL TERM |
| Topical term or geographic name entry element |
Sadness Juvenile literature |
| 700 ## - ADDED ENTRY--PERSONAL NAME |
| Personal name |
Mike Gordon |
| Relator term |
Illustrator |
| 942 ## - ADDED ENTRY ELEMENTS (KOHA) |
| Source of classification or shelving scheme |
|
| Koha item type |
Books - Non Ficton |